Statistics for Country Superlatives - Multiple Choice

Click here to take the quiz!

General Stats

  • This quiz has been taken 107 times
    (96 since last reset)
  • The average score is 9 of 20

Answer Stats

QuestionAnswer% Correct
Largest oil productionSaudi Arabia
84%
Biggest economy(PPP)United States
84%
Southernmost countryAustralia
81%
Largest areaUkraine
71%
Most billionairesRussia
66%
Largest movie productionIndia
64%
Highest elevationBolivia
61%
Largest populationBrazil
54%
Most bordersChina
54%
Longest coastlinesPhilippines
54%
Largest banana productionEcuador
39%
Most languagesNigeria
39%
Highest life expectancySingapore
39%
Largest Muslim populationSudan
35%
Largest diamond productionBotswana
24%
Non-European with most touristsMexico
22%
Largest coal productionAustralia
21%
Largest spice productionTurkey
14%
Largest inland surface waterColombia
9%
Smallest areaTuvalu
7%

Score Distribution

Percentile by Number Answered

Percent of People with Each Score

Your Score History

You have not taken this quiz since the last reset